000 00403nam a22001697a 4500
999 _c2308
_d2307
005 20210918164102.0
008 160601b xxu||||| |||| 00| 0 eng d
020 _a0-07-098616-0
041 _aeng
082 _b6565
_a658.11
100 _aCalvin, Robert J.
_91511
245 _aEntrepreneurial Management
260 _bTMH
_c2004
_adelhi
300 _a285p,
650 _aManagement
_9241
942 _cBK